01882nam a2200445 i 4500001000700000003000800007005001700015006001900032007001500051008004100066020002800107035002200135040003100157050002000188080001400208082001400222100003300236245024500269264006800514300004000582336003100622337003300653338004300686490001600729500002200745588008300767590016200850650002701012650002801039655002701067700004601094700004701140700004501187700003901232700004801271797001801319830001701337856006301354999001901417127628FINmELB20241217180029.0m o d | cr cnu||||||||211230s2020 xxu o 001 0 spa d a9780311000029q(e-book) a(OCoLC)1292941544 aFINmELBbspaerdacFINmELB 4aLB41bP445 2020 a373.3.09104a370.12231 aAcosta Luis, Dania,eautora.13aEl período de adaptación de los niños al sistema educativo :bestrategias metodológicas para su adecuada inclusión /cDania Acosta Luís, Gilma Tablada Martínez, Enrique de Jesús Díaz Chong, Gladys Patricia Guevara Albán. 1aEstados Unidos :bEditorial Tecnocientífica Americana,c2020. a1 recurso en línea (87 páginas) atextobtxt2rdacontent/spa acomputadorabc2rdamedia/spa arecurso en líneabcr2rdacarrier/spa1 aEducación aIncluye índice. aDescripción basada en metadatos suministrados por el editor y otras fuentes. aRecurso electrónico. Santa Fe, Arg.: elibro, 2021. Disponible vía World Wide Web. El acceso puede estar limitado para las bibliotecas afiliadas a elibro. 0aEducationxPhilosophy. 4aEducacionxFilosofía. 4aLibros electrónicos.1 aDíaz Chong, Enrique de Jesús,eautor.1 aGuevara Albán, Gladys Patricia,eautora.1 aNaranjo, Ernan Santiesteban,etraductor.1 aTablada Martínez, Gilma,eautor.1 aVelásquez Avila, Kenia María,eeditora.2 aelibro, Corp. 0aEducación.40uhttps://elibro.net/ereader/politecnicointernacional/174262 c127628d127628